000 00340nam a2200145Ia 4500
005 20250603145958.0
008 250603s9999 xx 000 0 und d
050 _aD 743 .C47
100 _aWinston S. Churchill
245 0 _aTriumph and tragedy
260 _bHoughton Mifflin company
260 _c1953
300 _a800 p
942 _cBK
999 _c43415
_d43415